Biggest Cities in Tamil Nadu - Statistics

General Stats
  • This quiz has been taken 150 times
  • The average score is 7 of 10
Answer Stats
Population City % Correct
8,653,521 Chennai
100%
1,465,625 Madurai
92%
2,136,916 Coimbatore
90%
1,022,518 Tiruchirappalli
81%
917,414 Salem
77%
521,891 Erode
56%
484,690 Vellore
55%
497,826 Tirunelveli
46%
963,173 Tiruppur
43%
411,628 Thoothukkudi
38%
No matching quizzes found
Score Distribution
Percent of People with Each Score
Percentile by Number Answered
Your Score History
You have not taken this quiz